Responses for Show #834 - Thursday, March 31, 1988

Steven Popper game 4.

Contestants

[<< previous game]

Daniel Lubin, a business consultant from San Pedro, California

Michael Kannellos, a freelance lawyer and writer from West Hollywood, California

Steven Popper, an economist originally from Minneapolis, Minnesota (whose 3-day cash winnings total $31,400)

[next game >>]

Jeopardy! Round responses

MEXICO
WINTER SONGS
DRUGSTORE
"LINE"s
SPORTS
THE SMALLEST
    $100 9
the Rio Grande

Mike
    $100 22
"Frosty the Snowman"

Dan
    $100 1
aspirin

Steven
    $100 16
(Steven: What is a line?)
(Alex: Be more specific?)
(Steven: What is a line between the 2 points?)

a straight line

StevenDan
    $100 4
golf

Steven
    $100 5
(Steven: What is one mil?)

one cent

Steven
Triple Stumper
    $200 10
a piñata

Dan
    $200 23
walking in a winter wonderland

Steven
    $200 2
doctors

Steven
    $200 17
a line-up

Mike
    $200 11
(Steven: What is when the fat lady sings?)

until it's over

StevenMike
    $200 8
(Mike: Japan. What is J- [laughs] What is [*]?)
(Alex: [laughing] That is correct!)

Switzerland

Mike
    $300 12
the Yucatán Peninsula

Dan
    $300 27
[The end-of-round signal sounds.]

Let It Snow! Let It Snow! Let It Snow!

Triple Stumper
    $300 3
Crest

Dan
    $300 21
(Steven: What is a byline?)

a dateline

StevenDan
    $300 13
Australian rules football

Mike
    $300 24
Haiti

Mike
    $400 6
insect repellent

Steven
    $400 19
a plumb-line

Triple Stumper
    $400 14
ice hockey

Dan
    $400 25
a bicycle

Mike
    $500 20
Pemex

Dan
    $500 7
Johnson & Johnson

Steven
    $500 18
the borderline between Texas & Arkansas

Mike
    $500 15
(Steven: Who is Elgin Baylor?)

Wilt Chamberlain

StevenDan
    $500 26
the smallest mammal

Steven

Scores at the first commercial break (after clue 13):

Steven Mike Dan
$1,000 $800 $800

Scores at the end of the Jeopardy! Round:

Steven Mike Dan
$800 $2,200 $2,700

Double Jeopardy! Round responses

WORLD HISTORY
ART
BIBLICAL ZOO
MOVIES
THE FORBES 400
THE BGGEST
    $200 3
the League of Nations

Dan
    $200 22
the Mona Lisa

Steven
    $200 11
the kosher laws

Steven
    $200 4
Bela Lugoise

Mike
    $200 20
Merv Griffin

Steven
    $200 16
England

Steven
    $400 5
the 7 Years War (or the French & Indian War)

Steven
    $400 23
(Steven: Who was Vincent Peale?)

Gilbert Stuart

Steven
Triple Stumper
    $400 12
a lion

Triple Stumper
    $400 9
Dracula (spelled backwards)

Steven
    $400 25
DuPont

Dan
    $400 17
diamond

Triple Stumper
    $600 6
(Mike: What is Serbo-Croatia?)
(Alex: No.)
(Mike: [*]!)
...
(Alex: Yes, Mike, you have to be careful about blurting out a response because you're helping as was the case here, you're helping Steven although he probably knew it. Select.)

Serbia

StevenMike
    $600 24
the National Gallery

Steven
    $600 13
(Mike: What is the lion?)

the wolf

Mike
Triple Stumper
    $600 1
Donovan

Steven
    $600 26
(Mike: What is West Virginia?)

Arkansas

StevenMike
    $1,000 18
the Soviet embassy

Steven
    $800 7
Turkey

Steven
    $800 27
[End-of-round signal sounds]

Indians

Steven
    $1,000 14
(Alex: Referring to the Four Horsemen of the Apocalypse.)

horses

Steven
    $800 2
Places in the Heart

Mike
    $800 19
(Dan: What is South
Africa?)

Canada

StevenDan
    $1000 8
Lenin

Dan
    $1000 15
foxes

Triple Stumper
    $1000 10
The Once and Future King

Steven
    $1000 21
(Alex: That's right and we've got a minute to go.)

General Sherman

Steven

Scores at the end of the Double Jeopardy! Round:

Steven Mike Dan
$9,200 $1,400 $5,100

[wagering suggestions for these scores]

Final Jeopardy! Round responses

THE CIVIL WAR
Mike/What is Shiloh?
$1,400
DanWhat is Antietam?
$5,000
StevenWhat was Shiloh?
$2,000
Shiloh

Final scores:

Steven Mike Dan
$11,200 $2,800 $100
4-day champion: $42,600 2nd place: a trip for 2 to Acapulco+Jeopardy! box game 3rd place: Galaxy carpet+Jeopardy! box game

Game dynamics:

Coryat scores:

Steven Mike Dan
$8,600 $1,400 $5,100
23 R
(including 2 DDs),
7 W
10 R,
3 W
13 R,
0 W

Combined Coryat: $15,100

[game clues] [game scores] [suggest correction]

Game tape date: 1987-12-08
The J! Archive is created by fans, for fans. Scraping, republication, monetization, and malicious use prohibited; this site may use cookies and collect identifying information. See terms. The Jeopardy! game show and all elements thereof, including but not limited to copyright and trademark thereto, are the property of Jeopardy Productions, Inc. and are protected under law. This website is not affiliated with, sponsored by, or operated by Jeopardy Productions, Inc. Join the discussion at JBoard.tv.